Southville International School and Colleges
Your cart is empty.
  • Cart
  • Lists
    Public lists Eva Luna New books Lux_list list_1
    Your lists Log in to create your own lists
  • Log in to your account
  • Your cookies
  • Search history
Southville International School and Colleges
  • Advanced search
  • Recent comments
  • Most popular
  • Libraries

Log in to your account

Log in with GOOGLE


If you do not have an external account, but do have a local account, you can still log in:

  1. Home
  2. MARC view: Human societies: an introduction to macrosociety /
Normal view MARC view ISBD view

Human societies: an introduction to macrosociety / (Record no. 9715)

[ view plain ]
MARC details
000 -LEADER
fixed length control field 00564nam a22001937a 4500
003 - CONTROL NUMBER IDENTIFIER
control field SISC
005 - DATE AND TIME OF LATEST TRANSACTION
control field 20160404144715.0
008 - FIXED-LENGTH DATA ELEMENTS--GENERAL INFORMATION
fixed length control field 130828t xxu||||| |||| 00| 0 eng d
020 ## - INTERNATIONAL STANDARD BOOK NUMBER
International Standard Book Number 0070371814
050 ## - LIBRARY OF CONGRESS CALL NUMBER
Classification number HM 51
Item number .L357 1987
082 ## - DEWEY DECIMAL CLASSIFICATION NUMBER
Classification number HS 301
Item number L54 1987
100 ## - MAIN ENTRY--PERSONAL NAME
Personal name Lenski, Gerhard
9 (RLIN) 14797
245 ## - TITLE STATEMENT
Title Human societies: an introduction to macrosociety /
Statement of responsibility, etc Gerhard Lenski
260 ## - PUBLICATION, DISTRIBUTION, ETC. (IMPRINT)
Place of publication, distribution, etc New York :
Name of publisher, distributor, etc McGraw hill,
Date of publication, distribution, etc 1987.
300 ## - PHYSICAL DESCRIPTION
Extent 501 p.:
Other physical details ill ;
Dimensions 25 cm.
650 ## - SUBJECT ADDED ENTRY--TOPICAL TERM
Topical term or geographic name as entry element Sociology
General subdivision Social evolution
9 (RLIN) 14798
942 ## - ADDED ENTRY ELEMENTS (KOHA)
Source of classification or shelving scheme Library of Congress Classification
Koha item type Books
Holdings
Withdrawn status Lost status Source of classification or shelving scheme Damaged status Home library Current library Shelving location Date acquired Total Checkouts Full call number Barcode Date last seen Copy number Price effective from Koha item type
    Library of Congress Classification   Luxembourg Library Luxembourg Library High School Section 08/28/2013   HM 51 .L357 1970 1815 04/04/2016 1 08/28/2013 Books

Human societies: an introduction to macrosociety /

APA

Lenski G., . (1987). Human societies: an introduction to macrosociety. New York: McGraw hill.

Chicago

Lenski Gerhard, . 1987. Human societies: an introduction to macrosociety. New York: McGraw hill.

Harvard

Lenski G., . (1987). Human societies: an introduction to macrosociety. New York: McGraw hill.

MLA

Lenski Gerhard, . Human societies: an introduction to macrosociety. New York: McGraw hill. 1987.

  • Place hold
  • Print
  • Cite
  • Add to your cart (remove)
  • Save record
    BIBTEX Dublin Core MARCXML MARC (non-Unicode/MARC-8) MARC (Unicode/UTF-8) MARC (Unicode/UTF-8, Standard) MODS (XML) RIS
  • More searches
    Search for this title in:
    Other Libraries (WorldCat) Other Databases (Google Scholar) Online Stores (Bookfinder.com) Open Library (openlibrary.org)

Exporting to Dublin Core...

SOUTHVILLE LIBRARY

Southville International School and Colleges Library

1281 Tropical Ave. Cor. Luxembourg St., BF Homes International, Las Pinas City

Tel. No. 8256374 / 252358 Loc. 117/146

Powered by Koha